<?xml version="1.0" encoding="UTF-8"?>
<record
    xmlns:xsi="http://www.w3.org/2001/XMLSchema-instance"
    xsi:schemaLocation="http://www.loc.gov/MARC21/slim http://www.loc.gov/standards/marcxml/schema/MARC21slim.xsd"
    xmlns="http://www.loc.gov/MARC21/slim">

  <leader>01283nam a2200253 a 4500</leader>
  <controlfield tag="001">000045310</controlfield>
  <controlfield tag="005">20201002050043.0</controlfield>
  <controlfield tag="008">150302s2014    dr a          000 0 spa d</controlfield>
  <datafield tag="020" ind1=" " ind2=" ">
    <subfield code="a">9789945475999</subfield>
  </datafield>
  <datafield tag="040" ind1=" " ind2=" ">
    <subfield code="a">DO-SdBNP</subfield>
    <subfield code="b">spa</subfield>
    <subfield code="c">BNPHU</subfield>
  </datafield>
  <datafield tag="082" ind1=" " ind2=" ">
    <subfield code="b">J93c</subfield>
  </datafield>
  <datafield tag="245" ind1="0" ind2="0">
    <subfield code="a">Jugar con las estrellas :</subfield>
    <subfield code="b">selecci&#xF3;n de cuentos infantiles del Caribe de habla hispana /</subfield>
    <subfield code="c">edici&#xF3;n ; Thelma Jim&#xE9;nez ; ilustraciones Nydia Fern&#xE1;ndez P&#xE9;rez Yorlan Cabezas Padr&#xF3;n.</subfield>
  </datafield>
  <datafield tag="260" ind1=" " ind2=" ">
    <subfield code="a">Santo Domingo :</subfield>
    <subfield code="b">Ediciones Ferilibro,</subfield>
    <subfield code="c">2014.</subfield>
  </datafield>
  <datafield tag="300" ind1=" " ind2=" ">
    <subfield code="a">54 p. :</subfield>
    <subfield code="b">il. ;</subfield>
    <subfield code="c">22 cm.</subfield>
  </datafield>
  <datafield tag="490" ind1="1" ind2=" ">
    <subfield code="a">Dienteleche</subfield>
  </datafield>
  <datafield tag="505" ind1="0" ind2=" ">
    <subfield code="t">Rep&#xFA;blica Dominicana : Titi y la ciguapa --</subfield>
    <subfield code="r">Eleonor Grijmaldi Sili&#xE9; --</subfield>
    <subfield code="t">Vauli la Estrellamar --</subfield>
    <subfield code="r">Jenny Montero --</subfield>
    <subfield code="t">Puerto Rico : Barquito de papel --</subfield>
    <subfield code="r">Marioantonio Rosa --</subfield>
    <subfield code="t">Mi ave de hojas --</subfield>
    <subfield code="r">Jos&#xE9; Rabelo --</subfield>
    <subfield code="t">Cuba : La se &#xF1;ora solitaria --</subfield>
    <subfield code="r">Zurelys L&#xF3;pez Amaya --</subfield>
    <subfield code="t">Claudio y el pez lunar --</subfield>
    <subfield code="r">Alberto Hern&#xE1;ndez S&#xE1;nchez --</subfield>
  </datafield>
  <datafield tag="500" ind1=" " ind2=" ">
    <subfield code="a">Incluye datos de los autores</subfield>
  </datafield>
  <datafield tag="650" ind1=" " ind2="4">
    <subfield code="a">Cuentos infantiles caribe&#xF1;os</subfield>
    <subfield code="x">Colecciones</subfield>
    <subfield code="9">73329</subfield>
  </datafield>
  <datafield tag="650" ind1=" " ind2="4">
    <subfield code="a">Literatura infantil caribe&#xF1;a</subfield>
    <subfield code="x">Colecciones</subfield>
    <subfield code="9">73330</subfield>
  </datafield>
  <datafield tag="700" ind1="1" ind2="2">
    <subfield code="a">Jim&#xE9;nez, Thelma,</subfield>
    <subfield code="e">ed.</subfield>
    <subfield code="9">22967</subfield>
  </datafield>
  <datafield tag="700" ind1="1" ind2="2">
    <subfield code="a">Fern&#xE1;ndez P&#xE9;rez, Nydia,</subfield>
    <subfield code="e">il.</subfield>
    <subfield code="9">73331</subfield>
  </datafield>
  <datafield tag="700" ind1="1" ind2="2">
    <subfield code="a">Cabezas Padr&#xF3;n, Yorlan,</subfield>
    <subfield code="e">il.</subfield>
    <subfield code="9">73332</subfield>
  </datafield>
  <datafield tag="830" ind1=" " ind2="0">
    <subfield code="a">Dienteleche</subfield>
    <subfield code="9">54956</subfield>
  </datafield>
  <datafield tag="952" ind1=" " ind2=" ">
    <subfield code="0">0</subfield>
    <subfield code="1">0</subfield>
    <subfield code="7">1</subfield>
    <subfield code="8">CIJ-PD</subfield>
    <subfield code="a">PD</subfield>
    <subfield code="b">BNPHU</subfield>
    <subfield code="c">HD</subfield>
    <subfield code="d">2015-03-02</subfield>
    <subfield code="i">LF1</subfield>
    <subfield code="l">0</subfield>
    <subfield code="o"> J93c</subfield>
    <subfield code="p">45310-10</subfield>
    <subfield code="r">2020-06-25</subfield>
    <subfield code="w">2020-06-25</subfield>
    <subfield code="y">1</subfield>
    <subfield code="Z">No se presta</subfield>
  </datafield>
  <datafield tag="952" ind1=" " ind2=" ">
    <subfield code="0">0</subfield>
    <subfield code="1">0</subfield>
    <subfield code="7">1</subfield>
    <subfield code="8">CIJ-PD</subfield>
    <subfield code="a">PD</subfield>
    <subfield code="b">BNPHU</subfield>
    <subfield code="c">HD</subfield>
    <subfield code="d">2015-06-12</subfield>
    <subfield code="i">LF1</subfield>
    <subfield code="l">0</subfield>
    <subfield code="o"> J93c</subfield>
    <subfield code="p">45310-20</subfield>
    <subfield code="r">2020-06-25</subfield>
    <subfield code="t">e. 2</subfield>
    <subfield code="w">2020-06-25</subfield>
    <subfield code="y">1</subfield>
    <subfield code="Z">No se presta</subfield>
  </datafield>
  <datafield tag="999" ind1=" " ind2=" ">
    <subfield code="c">44799</subfield>
    <subfield code="d">44799</subfield>
  </datafield>
</record>
